Chargement en cours...
Essays on social change in India /
| Auteur principal: | |
|---|---|
| Format: | Printed Book |
| Langue: | English |
| Publié: |
Bombay:
Somaiya,
1983.
|
| Sujets: |
| LEADER | 00519 a2200145 4500 | ||
|---|---|---|---|
| 008 | 100208b ||||| |||| 00| 0 eng d | ||
| 082 | |a 303.40954 | ||
| 100 | |a Kamat, A. R. | ||
| 245 | |a Essays on social change in India / | ||
| 260 | |b Somaiya, |a Bombay: |c 1983. | ||
| 500 | |a UGC allot of Rs. 25,000 | ||
| 650 | |a Social conditions-India | ||
| 942 | |c BK | ||
| 999 | |c 314087 |d 314087 | ||
| 952 | |0 0 |1 0 |2 ddc |4 0 |6 303_409540000000000_KAM_E |7 0 |9 360187 |a ECN |b ECN |c ST1 |d 2010-09-07 |g 0.00 |i 4597 |l 0 |o 303.40954 KAM/E |p ECN4597 |r 2010-09-07 |w 2010-09-07 |y BK | ||